| Tag |
First Indicator |
Second Indicator |
Subfields |
| LEADER |
00000cam a2200000 4500 |
| 001 |
in00000064020 |
| 005 |
20151008051152.0 |
| 008 |
740502s1932 nyu b 00000 eng |
| 010 |
|
|
|a 32014990
|
| 035 |
|
|
|a (OCoLC)00876601
|
| 035 |
|
|
|9 AAG6186AM
|
| 040 |
|
|
|a DLC
|c HEI
|d TXA
|d UtOrBLW
|
| 049 |
|
|
|a TXAM
|c [320116]
|
| 050 |
|
0 |
|a HJ5711
|b .B76
|
| 092 |
|
|
|a 336.27
|b B928g
|
| 100 |
1 |
|
|a Buehler, Alfred G.
|q (Alfred Grether),
|d 1900-
|
| 245 |
1 |
0 |
|a General sales taxation ;
|b its history and development /
|c by Alfred D. [!] Buehler.
|
| 264 |
|
1 |
|a New York :
|b Business Bourse,
|c 1932.
|
| 300 |
|
|
|a ix, 378 pages ;
|c 24 cm.
|
| 336 |
|
|
|a text
|b txt
|2 rdacontent
|
| 337 |
|
|
|a unmediated
|b n
|2 rdamedia
|
| 338 |
|
|
|a volume
|b nc
|2 rdacarrier
|
| 500 |
|
|
|a Originally presented as the author's thesis, Yale University, 1930.
|
| 504 |
|
|
|a Bibliography: pages 339-359.
|
| 650 |
|
0 |
|a Sales tax.
|
| 650 |
|
0 |
|a Sales tax
|z United States.
|
| 999 |
|
|
|a MARS
|
| 999 |
f |
f |
|s bb83dffc-111a-3d46-b830-a5034d15acad
|i f71fa5e1-439c-319c-a6a3-7097d8785042
|t 0
|
| 952 |
f |
f |
|p ric
|a Texas A&M University
|b Rellis Campus
|c Joint Library Facility
|d Remote Storage
|t 0
|e HJ5711 .B76
|h Library of Congress classification
|i unmediated -- volume
|m A14800750157
|
| 998 |
f |
f |
|a HJ5711 .B76
|t 0
|l Remote Storage
|